Statistics for Capital Cities Quiz

Click here to take the quiz!

General Stats

  • This quiz has been taken 86 times
    (29 since last reset)
  • The average score is 18 of 19

Answer Stats

CountryCapital City% Correct
United KingdomLondon
100%
ItalyRome
100%
GreeceAthens
100%
ChinaBeijing
100%
GermanyBerlin
100%
IrelandDublin
100%
United StatesWashington, D.C
100%
SpainMadrid
100%
RussiaMoscow
100%
FranceParis
100%
TurkeyAnkara
96%
ThailandBangkok
96%
NetherlandsAmsterdam
96%
JapanTokyo
96%
CanadaOttawa
96%
New ZealandWellington
92%
CubaHavana
92%
CyprusNicosia
85%
United Arab EmiratesAbu Dhabi
85%

Score Distribution

Percentile by Number Answered

Percent of People with Each Score

Your Score History

You have not taken this quiz since the last reset